000 00498nam a2200181Ia 4500
003 OSt
005 20260106115631.0
008 210210b1958 xxu||||| |||| 00| 0 eng d
040 _cAL
041 _aKannada
082 _a859/1537
100 _aRAMAMURTI (M)
_9155839
_dರಾಮಮೂರ್ತಿ (ಎಂ).
245 _aIbbaru raniiyaru:
_bಇಬ್ಬರು ರಾಣಿಯರು
260 _aBengaluru
_b-
_c1958
690 _aKannada Fiction
_9155840
906 _a022266
942 _2ddc
_cBK
999 _c146409
_d146409